LEADER 00998nam a2200265 u 4500 001 000000059510 003 CaOOAMICUS 005 20070226120817.0 008 010702s1935 fr u000 u fre u 035 $a10894854 040 $aPUL(R)$bita 100 1 $aMarcel, Gabriel,$d1889-1973.$0(OLS)http://pul/name/5604 245 10$aJournal métaphisique /$cpar Gabriel Marcel. 250 $a18. éd. 260 $aParis :$bGallimard,$c1935. 300 $axi, 342 p. ;$c23 cm 490 1 $aBibliothèque des idées 650 4$aMetafisica.$0(OLS)http://pul/subject/433 830 0$aBibliothèque des idées.$0(OLS)http://pul/title/23951 850 $aPUL 852 $aPUL$W1$xSL Filosofia 2$y80$mPhil D4 59a$j77593$nBK-PRI$b $qStampati altre collocazioni$B77593$CPULBib$Z2$F77593 $H $81 941 1 $a10 961 $aINV: 26072 996 $6245$aJournal métaphisique$9(OLS)http://pul/title/79670 996 $6260$aParis :$bGallimard$9(OLS)http://pul/publisher/48435 LEADER 01623nam a2200349 a 4500 001 000000138350 003 CaOOAMICUS 005 20250911165108.0 008 140513s2012 enkab u000 u eng r 020 $z9780754662884* 040 $aPUL$bita 082 04$a282.092 245 00$aPope Alexander III (1159-81) :$bthe art of survival /$cedited by Peter Clarke and Anne J. Duggan. 260 $aFarnham, Surrey, England ;$aBurlington, Vt. :$bAshgate,$c©2012. 300 $axx, 427 p. :$bill., c. geogr. ;$c24 cm 490 1 $aChurch, faith, and culture in the medieval West 504 $aBibliografia in nota. 600 04$aAlexander PP.$bIII,$dm. 1181.$0(OLS)http://pul/subject/9314 700 1 $aClarke, Peter D.,$d1936-$0(OLS)http://pul/name/89174 700 1 $aDuggan, Anne J.$0(OLS)http://pul/name/61403 830 0$aChurch, faith, and culture in the medieval West.$0(OLS)http://pul/title/175109 850 $aPUL 852 $aPUL$W1$xSL Religione 3$y85$m282. 092 CLAPE 1$j159561$qDDC 21$B159096$CPULBib$Z2$F159096 $H123914 $82 941 1 $a9 960 $aAlessandro$bIII,$cpapa,$d1159-1181$99314 960 $aBandinelli, Rolando,$d1159-1181$99314 960 $aPapi (1159-1181 : Alexander PP. III)$99314 996 $6020$z9780754662884*$9(OLS)http://pul/number/155198 996 $6082$a282.092$9(OLS)http://pul/classification/402 996 $6245$aPope Alexander III (1159-81) :$bthe art of survival$9(OLS)http://pul/title/175129 996 $6260$aFarnham, Surrey, England ;$aBurlington, Vt. :$bAshgate$9(OLS)http://pul/publisher/81954